000 00557cam a2200157 4500
008 141015n 000 0 eng u
020 _a0870841114
035 _a(Sirsi) a185598
050 _aHV 6025 BRO 1991
100 _aBrown, Stephen E.
245 _aCriminology :
_bexplaining crime and its context/
_cStephen E. Brown, Finn-Aage Esbensen and Gilbert Geis
260 _aCincinnati, Ohio :
_bAnderson Publishing Company,
_c1991.
300 _avii, 727p. :
_bill.
504 _aIncludes bibliographical references and index
650 _aCriminology
999 _c122430
_d122430